Statistiken für Schnell Tippen 1 bis 10

Klicken Sie hier um das Quiz zu spielen!

Allgemein

  • Dieses Quiz wurde 277 mal gespielt
    (274 seit der letzten Aktualisierung)
  • Das Durchschnittsergebnis liegt bei 10 aus 10

Antwortstatistiken

Antwort% Korrekt
2
100%
1
99%
3
99%
4
98%
5
98%
6
97%
7
97%
8
96%
9
95%
10
94%

Verteilung der Resultate

Perzentil nach korrekt beantworteten Fragen

Anzahl Personen mit jedem Resultat

Ihre Resultats-Entwicklung

Sie haben dieses Quiz seit der letzten Aktualisierung nicht gespielt